Formel 1 Podium 1973 - Statistiken

Allgemein
  • Dieses Quiz wurde 47 mal gespielt
  • Das Durchschnittsergebnis liegt bei 7 aus 12
Antwortstatistiken
Antwort % Korrekt
Denny Hulme
92%
Emerson Fittipaldi
92%
Jackie Stewart
92%
James Hunt
84%
Jacky Ickx
80%
Ronnie Peterson
76%
Carlos Reutemann
68%
Francois Cevert
56%
Peter Revson
44%
Carlos Pace
20%
Jackie Oliver
16%
George Follmer
8%
Keine übereinstimmenden Quizze gefunden
Verteilung der Resultate
Anzahl Personen mit jedem Resultat
Perzentil nach korrekt beantworteten Fragen
Ihre Resultats-Entwicklung
Sie haben dieses Quiz noch nicht gespielt